00728nam a22002057a 450000500170000001000190001702000380003603500180007403700140009208200220010610000280012824500570015625000070021326000320022027001170025230000260036949000240039550001000041970000030051920260113152341.0 aENG-147402-404 a9789349015708(Set of 3)c10995.00 aEN-130934-936 bDBADaDPL a347.540502468221 aMulla, Dinshah Fardunji aThe Code of Civil Procedure/cDinshah Fardunji Mulla a21 aHaryanab Lexis Nexisc2026 a14th Floor, Building No. 10, Tower-B, DLF Cyber City, Phase-II, GurgaonbHaryanae122002mhelp.in@lexisnexis.com axxix,4771p.c24cm(hb) vVol 1, Vol 2, Vol 3 aVol 1 Sections 1 to 158 Vol 2 Orders I to XXII Vol 3 Orders XXIII to LI Schedules & Appendices